LEADER 03445nam 22005894a 450 001 9910449890303321 005 20200520144314.0 010 $a0-262-26987-2 010 $a1-4237-3071-2 035 $a(CKB)1000000000002963 035 $a(SSID)ssj0000155053 035 $a(PQKBManifestationID)11158446 035 $a(PQKBTitleCode)TC0000155053 035 $a(PQKBWorkID)10098878 035 $a(PQKB)10782598 035 $a(MiAaPQ)EBC3338434 035 $a(OCoLC)228039737$z(OCoLC)62148103$z(OCoLC)648371066$z(OCoLC)697596466$z(OCoLC)880329047$z(OCoLC)888626585$z(OCoLC)923251582$z(OCoLC)961652318$z(OCoLC)962619144$z(OCoLC)988518298$z(OCoLC)991985406$z(OCoLC)1037442238$z(OCoLC)1037901168$z(OCoLC)1038624091$z(OCoLC)1045451290$z(OCoLC)1055367058$z(OCoLC)1081287092$z(OCoLC)1083554211 035 $a(OCoLC-P)228039737 035 $a(MaCbMITP)3000 035 $a(Au-PeEL)EBL3338434 035 $a(CaPaEBR)ebr2001031 035 $a(OCoLC)923251582 035 $a(EXLCZ)991000000000002963 100 $a20000518d2000 uy 0 101 0 $aeng 135 $aurcn||||||||| 181 $ctxt 182 $cc 183 $acr 200 10$aFinancial policy and central banking in Japan$b[electronic resource] /$fThomas F. Cargill, Michael M. Hutchison, Takatoshi Ito 210 $aCambridge, Mass. $cMIT Press$dc2000 215 $aviii, 196 p. $cill 300 $aBibliographic Level Mode of Issuance: Monograph 311 $a0-262-03285-6 320 $aIncludes bibliographical references (p. [183]-189) and index. 330 8 $aAnnotation Japan's financial institutions and policy underwent remarkable change in the past decade. The country began the 1990's with a heavily regulated financial system managed by an unchallenged Ministry of Finance and ended the decade with a Big Bang financial market reform, a complete restructuring of its regulatory financial institutions, and an independent central bank. These reforms have taken place amid recession and rising unemployment, collapsing asset prices, a looming banking crisis, and the lowest interest rates in the industrial world. This book analyzes how the bank-dominated financial system--a key element of the oft-heralded "Japanese economic model"--Broke down in the 1990's and spawned sweeping reforms. It documents the sources of the Japanese economic stagnation of the 1990's, the causes of the financial crisis, the slow and initially limited policy response to banking problems, and the reform program that followed. It also evaluates the new financial structure and reforms at the Bank of Japan in light of the challenges facing the Japanese economy. These challenges range from conducting monetary policy in a zero-interest rate environment characterized by a "liquidity trap" to managing consolidation in the Japanese banking sector against the backdrop of increasing international competition. 606 $aFinance$zJapan 606 $aBanks and banking, Central$zJapan 608 $aElectronic books. 615 0$aFinance 615 0$aBanks and banking, Central 676 $a332.1/1/0952 700 $aCargill$b Thomas F$0115339 701 $aHutchison$b Michael M$0122526 701 $aIto?$b Takatoshi$f1950-$0116437 801 0$bMiAaPQ 801 1$bMiAaPQ 801 2$bMiAaPQ 906 $aBOOK 912 $a9910449890303321 996 $aFinancial policy and central banking in Japan$91974780 997 $aUNINA LEADER 01497nam a2200385 i 4500 001 991002272149707536 005 20020503163337.0 008 001103s1973 it ||| | ita 035 $ab10340750-39ule_inst 035 $aEXGIL101115$9ExL 040 $aBiblioteca Interfacoltà$bita 082 0 $a199.439 082 04$a335.4 100 1 $aLukacs, Gyorgy$0384918 245 10$aConversazioni con Hans Heinz Holz, Leo Kofler, Wolfgang Abendroth /$cGyorgy Lukacs ; traduzione di Cesare Pianciola 250 $a2. ed. 260 $aBari :$bDe Donato,$c1973 300 $a207 p. ;$c18 cm 490 0 $aDissensi ;$v48 500 $aTrad. dal tedesco di Cesare Pianciola 600 14$aLukacs, György$xPensiero filosofico 600 14$aLukacs, György$xPensiero politico 700 1 $aAbendroth, Wolfgang 700 1 $aHolz, Hans Heinz 700 1 $aKofler, Leo 700 1 $aPianciola, Cesare 765 0 $tGespraeche mit Georg Lukács 907 $a.b10340750$b21-02-17$c27-06-02 912 $a991002272149707536 945 $aLE005IF XIX D 17$g1$iLE005IFA-7638$lle005$o-$pE0.00$q-$rl$s- $t0$u0$v0$w0$x0$y.i11122626$z28-06-02 945 $aLE012 LU 1$g1$i2012000235298$lle012$o-$pE0.00$q-$rl$s- $t0$u0$v0$w0$x0$y.i13013506$z13-11-03 945 $aLE002 Fil. XV H 30$g1$i2002000547217$lle002$o-$pE0.00$q-$rl$s- $t0$u0$v0$w0$x0$y.i10399847$z27-06-02 996 $aConversazioni$9142116 997 $aUNISALENTO 998 $ale002$ale005$ale012$b01-01-00$cm$da $e-$fita$git $h0$i1